000 00415nam a2200157Ia 4500
008 210716s2009 xx 000 0 und d
020 _a9788179928486
041 _aeng
082 _a005.3068 MUKS
100 _aMukherjee, S.
245 _aProject management for software development.
250 _a1
260 _aNew Delhi
_bJaico Publishing House
_c2009
300 _aviii,269
650 _aProject Management
999 _c191596
_d191596